000 01013cam a2200289 a 4500
001 000014020
003 DO-SdBNP
005 20251209122541.0
008 850606s1985 maua b 001 0 eng d
020 _a0897890809
020 _a0897890817 (pbk.)
040 _aDO-SdBNP
_bspa
_cBNPHU
049 _aBNGR
082 _a324.70973
_bB658p
100 1 _aBlume, Keith.
_931725
245 1 4 _aThe presidential election show :
_bcampaign 84 and beyond on the nightly news /
_cKeith Blume ; prólogo Elliott Roosevelt.
260 _aMassachusetts :
_bBergin & Garvey Publishers,
_c1985.
300 _axi, 340 p. :
_bil. ;
_c24 cm.
504 _aBibliografía: p. 333-336.
650 4 _aPresidentes
_zEstados Unidos
_931726
650 0 _aCampaña electoral
_zEstados Unidos
_946157
650 4 _aTelevisión y política
_zEstados Unidos.
_931728
650 0 _aElecciones
_zEstados Unidos
_96411
_y1984
700 1 _aRoosevelt, Elliott,
_epról.
_931729
910 _aCatalogación por copia / LC
942 _2ddc
_cLBS1
999 _c13624
_d13624